00405nam a2200133 a 4500008004100000050001700041100002100058245007200079260005800151300001200209350000900221650002800230650001300258101101s1998 ||||||||||||||||| || | aCBU-SB(05)JB aMpuku, Herrick C10aTaxation and its implications for the work-force in the 1998 budget aKitwebCopperbelt University School of Businessc1998 a6-15pp. a0.00 aBUDGET PLANNING--ZAMBIA 0aBUSINESS